Vysokoškolské knižnice, ich postavenie a úlohy vo vyspelých štátoch sveta a v Slovenskej republike

Gespeichert in:
Bibliographische Detailangaben
Format: Buch
Sprache:Slowakisch
Veröffentlicht: Bratislava : SlTK-Centrum VTI SR, 1995
Ausgabe:[1.vyd.]
Schlagworte:
Tags: Tag hinzufügen
Keine Tags, Fügen Sie das erste Tag hinzu!

MARC

LEADER 00000nam a22000003a 4500
001 stu32649
005 20150408162318.8
008 951207s1995----xo------------------slo-d
040 |a STU  |b slo 
041 0 |a slo 
044 |a xo 
080 |a 027.7 
245 |a Vysokoškolské knižnice, ich postavenie a úlohy vo vyspelých štátoch sveta a v Slovenskej republike 
250 |a [1.vyd.] 
260 |a Bratislava :  |b SlTK-Centrum VTI SR,  |c 1995 
300 |a 45 s 
650 7 |a vysokoškolské knižnice  |2 stusub 
996 |b  284J030304  |c J*91823  |l JJSK  |s A  |a 24  |w stu32649_0001